[Event "56th Capablanca Mem Elite"]
[Site "Havana CUB"]
[Date "2023.05.03"]
[Round "1.1"]
[White "Fier, Alexandr"]
[Black "Albornoz Cabrera, Carlos Daniel"]
[Result "1-0"]
[WhiteTitle "GM"]
[BlackTitle "GM"]
[WhiteElo "2599"]
[BlackElo "2586"]
[WhiteFideId "2107139"]
[BlackFideId "3518736"]
[EventDate "2023.05.03"]

1. e4 c5 2. Nf3 d6 3. d4 cxd4 4. Nxd4 Nf6 5. Nc3 a6 6. Rg1 g6 7. g4 Nc6 8. g5
Nd7 9. h4 h5 10. Be3 Bg7 11. Be2 Nde5 12. Qd2 O-O 13. O-O-O Qa5 14. Nb3 Qd8 15.
Nd5 b5 16. f4 Nc4 17. Bxc4 bxc4 18. Nd4 Bb7 19. f5 Nxd4 20. Bxd4 Bxd4 21. Qxd4
Rc8 22. Nc3 Qa5 23. f6 Rfe8 24. fxe7 Rxe7 25. Qxd6 Rce8 26. Rge1 Re6 27. Qf4 Bc6
28. Rf1 R6e7 29. Rd6 Qc5 30. Rf6 Bxe4 31. Rxf7 Bf5 32. Rxe7 Rxe7 33. Rd1 Qe3+
34. Qxe3 Rxe3 35. Rd4 Re1+ 36. Kd2 Rh1 37. Rxc4 Rh2+ 38. Ke3 Rxc2 39. b4 Kf7 40.
Kd4 Ke8 41. a4 Kd7 42. Ke5 Rc1 43. Rd4+ Kc6 44. Rd6+ Kb7 45. Nd5 Re1+ 46. Kf6
Rd1 47. a5 Ka7 48. Rd8 Kb7 49. Ke5 Re1+ 50. Kd6 Re4 51. Rg8 Rxh4 52. Rg7+ Kb8
53. Ne7 Be4 54. Kc5 Bg2 55. b5 axb5 56. Kb6 1-0

[Event "56th Capablanca Mem Elite"]
[Site "Havana CUB"]
[Date "2023.05.03"]
[Round "1.2"]
[White "Quesada Perez, Luis Ernesto"]
[Black "Miranda Mesa, Elier"]
[Result "1-0"]
[WhiteTitle "GM"]
[BlackTitle "GM"]
[WhiteElo "2562"]
[BlackElo "2515"]
[WhiteFideId "3520773"]
[BlackFideId "3510697"]
[EventDate "2023.05.03"]

1. d4 d5 2. Nf3 Nf6 3. c4 c6 4. Qb3 dxc4 5. Qxc4 Bf5 6. g3 e6 7. Bg2 Be7 8. O-O
O-O 9. Nbd2 Nbd7 10. Qb3 Qb6 11. Nc4 Qa6 12. Bf4 Nb6 13. Bd6 Bxd6 14. Nxd6 Bg6
15. a4 Rad8 16. Qa3 Ne4 17. Nxe4 Bxe4 18. e3 Qa5 19. Rfc1 Nd7 20. Qb3 Qc7 21.
Ne1 Bxg2 22. Kxg2 e5 23. d5 Nb8 24. a5 Qe7 25. a6 Rxd5 26. Qxb7 Qxb7 27. axb7 a6
28. Rc3 Rb5 29. Nd3 Rxb7 30. Nxe5 Rxb2 31. Nxc6 Rb6 32. Ne7+ Kh8 33. Rc7 g6 34.
Nd5 Rd6 35. Nb4 Rb6 36. Nd3 Kg7 37. Ne5 Re6 38. f4 Rb6 39. g4 h6 40. h4 Rb3 41.
Kf3 Rb5 42. g5 h5 43. Rd1 Rb6 44. Rd5 Kg8 45. Rdc5 Rb5 46. Rc4 Rd8 47. Nxf7 Rd7
48. Ne5 Rxc7 49. Rxc7 Rb6 50. Nxg6 1-0

[Event "56th Capablanca Mem Elite"]
[Site "Havana CUB"]
[Date "2023.05.03"]
[Round "1.4"]
[White "Bjerre, Jonas Buhl"]
[Black "Sadhwani, Raunak"]
[Result "1/2-1/2"]
[WhiteTitle "GM"]
[BlackTitle "GM"]
[WhiteElo "2606"]
[BlackElo "2627"]
[WhiteFideId "1444948"]
[BlackFideId "35093487"]
[EventDate "2023.05.03"]

1. e4 c5 2. Nf3 e6 3. g3 Nc6 4. Bg2 Nf6 5. Nc3 d6 6. O-O Be7 7. d4 cxd4 8. Nxd4
O-O 9. a4 Bd7 10. Ndb5 Qb8 11. Qe2 a6 12. Na3 Qc7 13. Be3 Rac8 14. Rfd1 Nb4 15.
Qd2 e5 16. a5 Bg4 17. Rdc1 Qd7 18. b3 Nc6 19. Nc4 Rce8 20. Nb6 Qe6 21. Ncd5 Bd8
22. f3 Bh3 23. Rd1 Bxg2 24. Kxg2 Nd7 25. Nc4 f5 26. Qd3 Nc5 27. Bxc5 dxc5 28.
exf5 Rxf5 29. c3 e4 30. fxe4 Qxe4+ 31. Qxe4 Rxe4 32. Ra2 Re6 33. Nf4 Re7 34. Nd5
Re6 35. Ndb6 Bc7 36. Rd7 Rf7 37. Rxf7 Kxf7 38. Nd7 Re1 39. Nxc5 Rc1 40. Ne4 Kg6
41. Kf3 h5 42. Ke3 Re1+ 43. Kd3 Rd1+ 44. Ke2 Rh1 45. Kf3 Rf1+ 46. Kg2 Rc1 47. h3
Kf5 48. Kf3 Rf1+ 49. Nf2 Kg6 50. g4 h4 51. Kg2 Rb1 52. Nd2 Rc1 53. Nfe4 Bxa5 54.
b4 Bd8 55. Nf3 Bf6 56. Rf2 1/2-1/2

[Event "56th Capablanca Mem Elite"]
[Site "Havana CUB"]
[Date "2023.05.03"]
[Round "1.5"]
[White "Martinez Duany, Lelys Stanley"]
[Black "Svane, Rasmus"]
[Result "1/2-1/2"]
[WhiteTitle "GM"]
[BlackTitle "GM"]
[WhiteElo "2531"]
[BlackElo "2621"]
[WhiteFideId "3504727"]
[BlackFideId "4657101"]
[EventDate "2023.05.03"]

1. e4 e5 2. Nf3 Nc6 3. Bb5 a6 4. Ba4 Nf6 5. O-O Be7 6. Re1 b5 7. Bb3 O-O 8. a4
Bb7 9. d3 d6 10. Bd2 Qd7 11. Nc3 Na5 12. Ba2 b4 13. Ne2 c5 14. Ng3 Rab8 15. Nf5
Bd8 16. Qc1 g6 17. Bh6 Re8 18. Ng7 Rf8 19. Nf5 Re8 20. Ng7 Rf8 21. Re2 1/2-1/2

[Event "56th Capablanca Mem Elite"]
[Site "Havana CUB"]
[Date "2023.05.04"]
[Round "2.1"]
[White "Albornoz Cabrera, Carlos Daniel"]
[Black "Svane, Rasmus"]
[Result "1/2-1/2"]
[WhiteTitle "GM"]
[BlackTitle "GM"]
[WhiteElo "2586"]
[BlackElo "2621"]
[WhiteFideId "3518736"]
[BlackFideId "4657101"]
[EventDate "2023.05.03"]

1. e4 e6 2. d4 d5 3. Nd2 c5 4. Ngf3 cxd4 5. exd5 Qxd5 6. Bc4 Qd6 7. Ne4 Qb4+ 8.
Nfd2 Nd7 9. O-O Ngf6 10. c3 Qb6 11. Bb3 Be7 12. Nc4 Qc6 13. Nxf6+ Bxf6 14. cxd4
O-O 15. Bf4 b5 16. Nd6 Qb6 17. Qf3 Ba6 18. Rad1 Be7 19. d5 Nc5 20. dxe6 fxe6 21.
Qe3 Rf6 22. Bg5 Bxd6 23. Bxf6 gxf6 24. Bxe6+ Kh8 25. Bf5 Rg8 26. Qh6 Rg7 27.
Bxh7 Bb7 28. Be4+ Kg8 29. Bxb7 Nxb7 30. Qh3 Bf8 31. Rd5 Nd6 32. Qe6+ Nf7 33.
Qxb6 axb6 34. Rxb5 Bc5 35. Rd1 Rg5 36. Rb3 Nd6 37. Rg3 Rxg3 38. hxg3 Ne4 39. Rf1
f5 40. a3 b5 41. g4 fxg4 42. g3 Nxg3 43. Re1 Bd4 44. b3 Kf7 45. Kg2 Nh5 46. Re4
Bb2 47. a4 Nf6 48. Re2 Bc3 49. axb5 Bd4 50. Kg3 Bb6 51. Rc2 Ke7 52. Kf4 Ke6 53.
Rc6+ Ke7 54. Kf5 Nd7 55. Rc2 Nc5 56. Kxg4 Nxb3 57. f4 Nd4 58. Rh2 Kd6 59. f5
Nxb5 60. Rh6+ Kc5 61. Re6 Nd6 62. Kg5 Kd5 63. Re1 Bf2 64. Re2 Bd4 65. Kg6 Ne4
66. Ra2 Ke5 67. Ra5+ Kf4 68. Rd5 Bc3 69. Rd3 Be5 70. Rd1 Bc3 71. Rf1+ Kg4 72.
Kf7 Ng3 73. Rc1 Bd2 74. Rc2 Bg5 75. f6 Ne4 76. Kg6 Bxf6 77. Rc4 Kf3 78. Rxe4
Kxe4 1/2-1/2

[Event "56th Capablanca Mem Elite"]
[Site "Havana CUB"]
[Date "2023.05.04"]
[Round "2.2"]
[White "Sadhwani, Raunak"]
[Black "Martinez Duany, Lelys Stanley"]
[Result "1-0"]
[WhiteTitle "GM"]
[BlackTitle "GM"]
[WhiteElo "2627"]
[BlackElo "2531"]
[WhiteFideId "35093487"]
[BlackFideId "3504727"]
[EventDate "2023.05.03"]

1. e4 c5 2. Nf3 Nc6 3. d4 cxd4 4. Nxd4 g6 5. c4 Nf6 6. Nc3 d6 7. Be2 Nxd4 8.
Qxd4 Bg7 9. O-O O-O 10. Qd3 Be6 11. Be3 Nd7 12. Bd4 Bxd4 13. Qxd4 Qb6 14. Qd2
Rfc8 15. b3 Nf6 16. Kh1 Qa5 17. a4 Qb4 18. f4 a5 19. Qe3 Qc5 20. Qg3 Kh8 21.
Rad1 Rg8 22. Qd3 Nd7 23. Qc2 f6 24. Nd5 Rg7 25. Bf3 g5 26. fxg5 fxg5 27. Qc3 Ne5
28. Bh5 Kg8 29. Qg3 Kh8 30. Be2 Rag8 31. Rf2 Nd7 32. Rd2 Ne5 33. Bd1 Re8 34. Rf1
Reg8 35. Qc3 Bd7 36. Rdf2 Bc6 37. Bh5 Bxd5 38. exd5 g4 39. Rf4 Qb4 40. Qe3 Qc5
41. Qxc5 dxc5 42. Bf7 Rf8 43. Be6 Rxf4 44. Rxf4 Rg5 45. g3 Kg7 46. Kg2 h6 47.
Rf1 b6 48. Rf4 Rg6 49. Rf5 Rg5 50. Rxg5+ hxg5 51. Kf2 Kf6 52. Bc8 Nd3+ 53. Ke3
Nc1 54. Bxg4 Nxb3 55. h4 gxh4 56. gxh4 Nd4 57. Ke4 Nb3 58. d6 exd6 59. Kd5 Nd2
60. Bd7 Nf3 61. h5 Ne5 62. Bb5 Ke7 63. Ke4 Ke6 64. Ba6 Nf7 65. Bc8+ Kf6 66. Kd5
Ne5 67. Ba6 Ke7 68. Bc8 Nf7 69. Bf5 Kf6 70. Bd3 Ke7 71. Be2 Kd7 72. Bg4+ Ke7 73.
Bh3 Kf6 74. Bf1 Ke7 75. Kc6 Ne5+ 76. Kxb6 d5 77. h6 Kf6 78. cxd5 c4 79. Be2 c3
80. Bd1 Nc4+ 81. Kc7 Ne3 82. d6 Nd5+ 83. Kb7 1-0

[Event "56th Capablanca Mem Elite"]
[Site "Havana CUB"]
[Date "2023.05.04"]
[Round "2.4"]
[White "Miranda Mesa, Elier"]
[Black "Iturrizaga Bonelli, Eduardo"]
[Result "1/2-1/2"]
[WhiteTitle "GM"]
[BlackTitle "GM"]
[WhiteElo "2515"]
[BlackElo "2637"]
[WhiteFideId "3510697"]
[BlackFideId "3901211"]
[EventDate "2023.05.03"]

1. e4 c5 2. Nf3 e6 3. d4 cxd4 4. Nxd4 a6 5. Bd3 Bc5 6. Nb3 Ba7 7. O-O Ne7 8. Qe2
Nbc6 9. Be3 O-O 10. Rd1 d6 11. c4 e5 12. Nc3 Nd4 13. Bxd4 exd4 14. Nd5 Nc6 15.
Rac1 Re8 16. Qd2 Be6 17. Bf1 a5 18. a4 Rc8 19. Re1 h6 20. h3 Qg5 21. Red1 Qd8
22. Re1 Qg5 23. Red1 Bd7 24. Re1 1/2-1/2

[Event "56th Capablanca Mem Elite"]
[Site "Havana CUB"]
[Date "2023.05.04"]
[Round "2.5"]
[White "Fier, Alexandr"]
[Black "Quesada Perez, Luis Ernesto"]
[Result "1-0"]
[WhiteTitle "GM"]
[BlackTitle "GM"]
[WhiteElo "2599"]
[BlackElo "2562"]
[WhiteFideId "2107139"]
[BlackFideId "3520773"]
[EventDate "2023.05.03"]

1. e4 c6 2. d4 d5 3. e5 Bf5 4. Nf3 e6 5. Be2 c5 6. c3 Nc6 7. O-O Bg6 8. Be3 Qb6
9. c4 Qxb2 10. cxd5 exd5 11. Qb3 Qxb3 12. axb3 Nge7 13. Nc3 Nf5 14. Bb5 O-O-O
15. Bxc6 bxc6 16. Rxa7 cxd4 17. Bg5 Rd7 18. Ra8+ Kb7 19. Rfa1 Bc5 20. Rxh8 dxc3
21. b4 Bxb4 22. e6 fxe6 23. Ne5 Rd6 24. Raa8 Bc5 25. Rhb8+ Kc7 26. Rc8+ Kb7 27.
Rab8+ Ka6 28. Rb3 Bb6 29. Rb8 c5 30. Bd8 Nd4 31. R3xb6+ Rxb6 32. Rxb6+ Ka5 33.
Nd7 c2 34. Rb3+ Ka6 35. Nxc5+ Ka7 36. Ra3+ Kb8 37. Bg5 h6 38. Be3 1-0

[Event "56th Capablanca Mem Elite"]
[Site "Havana CUB"]
[Date "2023.05.05"]
[Round "3.1"]
[White "Quesada Perez, Luis Ernesto"]
[Black "Albornoz Cabrera, Carlos Daniel"]
[Result "1/2-1/2"]
[WhiteTitle "GM"]
[BlackTitle "GM"]
[WhiteElo "2562"]
[BlackElo "2586"]
[WhiteFideId "3520773"]
[BlackFideId "3518736"]
[EventDate "2023.05.03"]

1. d4 Nf6 2. c4 e6 3. Nf3 d5 4. g3 dxc4 5. Bg2 a6 6. O-O Nc6 7. e3 Rb8 8. Qe2 b5
9. b3 cxb3 10. axb3 Bd6 11. Bb2 O-O 12. Rc1 Nb4 13. Na3 Bb7 14. Nc2 Nxc2 15.
Rxc2 Be4 16. Rcc1 Rb6 17. Ne5 Bxg2 18. Kxg2 Qa8+ 19. f3 a5 20. e4 Rc8 21. Nd3
Bf8 22. Nc5 Rd8 23. Bc3 b4 24. Bb2 Nd7 25. Na4 Rb7 26. Rc6 Nb6 27. Rac1 Nxa4 28.
bxa4 Rd6 29. Qc4 Qe8 30. Kf1 b3 31. Rxc7 Rxc7 32. Qxc7 Qxa4 33. Qb8 Qb4 34. Qxb4
axb4 35. Ke2 Ra6 36. Kd3 f5 37. Kc4 fxe4 38. fxe4 Kf7 39. Kxb3 Bd6 40. Rf1+ Ke8
41. Ra1 Rc6 42. Ra8+ Kf7 43. Ra7+ Be7 44. g4 Ke8 45. h4 Rd6 46. h5 g6 47. Ra8+
Rd8 48. Rxd8+ Kxd8 49. hxg6 hxg6 50. Bc1 Kd7 51. Bd2 Bd6 52. Bxb4 Bg3 53. Kc4
Kc6 54. Be7 Bf4 55. Bh4 Bh2 56. Bg5 Bg3 57. Be3 Bc7 58. Kd3 Kd7 59. Ke2 Bd8 60.
Kf3 Bf6 61. d5 Be5 62. Bf4 Bb2 63. Kg3 Bc3 64. Kh3 Bb2 65. Kh4 Bf6+ 66. Kg3 Bc3
67. Kf3 Bb2 68. Ke2 Bc3 69. Kd3 Bb2 70. Be3 Be5 71. Bd4 Bf4 72. Kc4 Kd6 73. Ba7
Kd7 74. Bc5 Bg3 75. Bf8 Be5 76. Kd3 Bf6 77. Ke3 Be5 78. Kf3 Bc3 79. Bh6 Bb2 80.
Bf4 Bd4 81. Kg3 1/2-1/2

[Event "56th Capablanca Mem Elite"]
[Site "Havana CUB"]
[Date "2023.05.05"]
[Round "3.2"]
[White "Iturrizaga Bonelli, Eduardo"]
[Black "Fier, Alexandr"]
[Result "0-1"]
[WhiteTitle "GM"]
[BlackTitle "GM"]
[WhiteElo "2637"]
[BlackElo "2599"]
[WhiteFideId "3901211"]
[BlackFideId "2107139"]
[EventDate "2023.05.03"]

1. c4 Nf6 2. g3 g6 3. Bg2 Bg7 4. Nc3 O-O 5. d4 d6 6. Nf3 Nc6 7. O-O e5 8. d5 Nb8
9. e4 a5 10. Ne1 Na6 11. Nd3 Nd7 12. Be3 Nac5 13. Nxc5 Nxc5 14. a3 Bd7 15. b4
axb4 16. axb4 Rxa1 17. Qxa1 Nb3 18. Qb2 Nd4 19. Ne2 Nxe2+ 20. Qxe2 f5 21. Ra1 f4
22. Bd2 Qf6 23. f3 h5 24. Ra7 Bc8 25. c5 g5 26. c6 bxc6 27. dxc6 d5 28. exd5 e4
29. Rxc7 Qd4+ 30. Kh1 g4 31. Rxc8 Rxc8 32. Qxe4 Qxd2 33. Qe6+ Kh7 34. Qf5+ Kh6
35. Qe6+ Kg5 36. Bf1 Rf8 37. d6 Qd1 38. h4+ gxh3 39. gxf4+ Rxf4 40. Qxh3 Rxf3 0-1

[Event "56th Capablanca Mem Elite"]
[Site "Havana CUB"]
[Date "2023.05.05"]
[Round "3.3"]
[White "Bjerre, Jonas Buhl"]
[Black "Miranda Mesa, Elier"]
[Result "1-0"]
[WhiteTitle "GM"]
[BlackTitle "GM"]
[WhiteElo "2606"]
[BlackElo "2515"]
[WhiteFideId "1444948"]
[BlackFideId "3510697"]
[EventDate "2023.05.03"]

1. e4 c6 2. Nf3 d5 3. Nc3 Bg4 4. d4 e6 5. Be2 Nd7 6. h3 Bh5 7. O-O dxe4 8. Nxe4
Ngf6 9. Nxf6+ Nxf6 10. c4 Be7 11. Be3 O-O 12. Rb1 a5 13. Ne5 Bxe2 14. Qxe2 Qc7
15. Bf4 Qb6 16. Rbd1 Rad8 17. Rfe1 Bb4 18. Rf1 Be7 19. b3 a4 20. bxa4 Qa6 21.
Qb2 Nd7 22. Rb1 Nxe5 23. Bxe5 Qxa4 24. d5 Qxc4 25. Bxg7 Rfe8 26. dxc6 bxc6 27.
Bh8 Bf8 28. Be5 Rd5 29. Rfe1 Bd6 30. Bxd6 Rxd6 31. Re3 Qd4 32. Rg3+ Kh8 33. Qb7
Rg8 34. Kh2 Rxg3 35. fxg3 Kg7 36. Rf1 Rd7 37. Qxc6 Qd5 38. Qc3+ Qd4 39. Qf3 f5
40. Re1 Qd5 41. Qc3+ Kg6 42. a4 Ra7 43. Qc8 Kf7 44. Rb1 Qd7 45. Qh8 Kg6 46. Rb8
Qf7 47. Rf8 1-0

[Event "56th Capablanca Mem Elite"]
[Site "Havana CUB"]
[Date "2023.05.05"]
[Round "3.4"]
[White "Martinez Duany, Lelys Stanley"]
[Black "Almeida Quintana, Omar"]
[Result "0-1"]
[WhiteTitle "GM"]
[BlackTitle "GM"]
[WhiteElo "2531"]
[BlackElo "2526"]
[WhiteFideId "3504727"]
[BlackFideId "3503313"]
[EventDate "2023.05.03"]

1. e4 d6 2. d4 Nf6 3. Nc3 g6 4. Be3 c6 5. h4 Qb6 6. a3 Ng4 7. Bc4 h5 8. Bg5 Bg7
9. Qf3 Be6 10. Bxe6 fxe6 11. Nge2 Rf8 12. Qg3 Rxf2 13. O-O-O Nd7 14. Rhe1 Rf7
15. Rf1 Rxf1 16. Rxf1 Bxd4 17. Nxd4 Qxd4 18. Qf4 Ndf6 19. Kb1 O-O-O 20. Qc1 Rf8
21. Qe1 Kd7 22. Bc1 Ke8 23. Rf4 Nd7 24. Ne2 Qc5 25. Qg3 Qc4 26. Qe1 e5 27. b3
Qc5 28. Rf3 Nh2 29. Rxf8+ Nxf8 30. Ng1 Ng4 31. Nh3 Ne6 32. Qe2 b5 33. Kb2 a5 34.
Ng5 Nxg5 35. Bxg5 Qf2 36. Qd2 Qxd2 37. Bxd2 b4 0-1

[Event "56th Capablanca Mem Elite"]
[Site "Havana CUB"]
[Date "2023.05.05"]
[Round "3.5"]
[White "Svane, Rasmus"]
[Black "Sadhwani, Raunak"]
[Result "1/2-1/2"]
[WhiteTitle "GM"]
[BlackTitle "GM"]
[WhiteElo "2621"]
[BlackElo "2627"]
[WhiteFideId "4657101"]
[BlackFideId "35093487"]
[EventDate "2023.05.03"]

1. Nf3 d5 2. g3 g6 3. Bg2 Bg7 4. d4 Nf6 5. c4 dxc4 6. O-O O-O 7. Na3 c5 8. dxc5
c3 9. Nd4 Ne4 10. Bxe4 Qxd4 11. Qxd4 Bxd4 12. bxc3 Bxc5 13. Rb1 Nd7 14. Bxb7 Rb8
15. Bxc8 Rfxc8 16. Rxb8 Nxb8 17. Rd1 f6 18. Nc2 Kf7 19. Bf4 e5 20. Bd2 Nd7 21.
Kf1 f5 22. Nb4 Ke6 23. Nd3 Nb6 24. Nxc5+ Rxc5 25. Be3 Rxc3 26. Bxb6 axb6 27. Rb1
Rc6 28. Rb5 Rc1+ 29. Kg2 Rc2 30. Rxb6+ Kf7 31. Rb7+ Kg8 32. e3 Rxa2 33. h3 Ra4
34. Kf3 h5 35. Rb5 Re4 36. Ke2 h4 37. gxh4 Rxh4 1/2-1/2

[Event "56th Capablanca Mem Elite"]
[Site "Havana CUB"]
[Date "2023.05.06"]
[Round "4.1"]
[White "Albornoz Cabrera, Carlos Daniel"]
[Black "Sadhwani, Raunak"]
[Result "1/2-1/2"]
[WhiteTitle "GM"]
[BlackTitle "GM"]
[WhiteElo "2586"]
[BlackElo "2627"]
[WhiteFideId "3518736"]
[BlackFideId "35093487"]
[EventDate "2023.05.03"]

1. e4 c5 2. Nf3 e6 3. d4 cxd4 4. Nxd4 Nc6 5. Nc3 Qc7 6. Be3 a6 7. Qf3 Nf6 8.
O-O-O Ne5 9. Qg3 b5 10. f4 Neg4 11. Bg1 h5 12. e5 b4 13. Na4 Nd5 14. h3 Nh6 15.
f5 Bb7 16. Bd3 Be7 17. Kb1 h4 18. Qe1 Nf4 19. Be4 Nxg2 20. Qe2 Nf4 21. Qf3 Bxe4
22. Qxe4 Nd5 23. f6 gxf6 24. exf6 Bxf6 25. Bh2 Qa5 26. Rhe1 O-O-O 27. Nb3 Qxa4
28. c4 Qa3 29. Be5 Bxe5 30. Qxe5 d6 31. Qe4 Nc3+ 32. bxc3 bxc3 33. Qc6+ Kb8 34.
Qb6+ Ka8 35. Qc6+ Kb8 36. Qb6+ Ka8 1/2-1/2

[Event "56th Capablanca Mem Elite"]
[Site "Havana CUB"]
[Date "2023.05.06"]
[Round "4.2"]
[White "Almeida Quintana, Omar"]
[Black "Svane, Rasmus"]
[Result "1/2-1/2"]
[WhiteTitle "GM"]
[BlackTitle "GM"]
[WhiteElo "2526"]
[BlackElo "2621"]
[WhiteFideId "3503313"]
[BlackFideId "4657101"]
[EventDate "2023.05.03"]

1. d4 Nf6 2. Nf3 e6 3. c4 b6 4. a3 Bb7 5. Nc3 d5 6. Bg5 Be7 7. e3 O-O 8. Rc1
Nbd7 9. cxd5 exd5 10. Be2 Ne4 11. Bxe7 Qxe7 12. O-O c5 13. dxc5 Nxc3 14. Rxc3
bxc5 15. Qc2 Rab8 16. h3 Rfd8 17. Rd1 g6 18. Ne1 Rbc8 19. Nd3 c4 20. Nf4 Nc5 21.
Bf3 d4 22. exd4 Bxf3 23. Rxf3 Qd6 24. g3 Ne6 25. Nxe6 Qxe6 26. h4 Qb6 27. d5 Rc5
28. Qe4 Qb7 29. Rc3 Qxb2 30. Rxc4 Rxc4 31. Qxc4 Qxa3 32. Qc7 Rd6 33. Qe7 Qc5 34.
Qe8+ Kg7 35. Qe5+ Rf6 36. Rd4 Qd6 37. f4 h5 38. Kg2 Kf8 39. Rc4 Qxe5 40. fxe5
Rf5 41. d6 Ke8 42. Rc8+ Kd7 43. Rc7+ Ke8 44. Rc8+ 1/2-1/2

[Event "56th Capablanca Mem Elite"]
[Site "Havana CUB"]
[Date "2023.05.06"]
[Round "4.3"]
[White "Miranda Mesa, Elier"]
[Black "Martinez Duany, Lelys Stanley"]
[Result "1/2-1/2"]
[WhiteTitle "GM"]
[BlackTitle "GM"]
[WhiteElo "2515"]
[BlackElo "2531"]
[WhiteFideId "3510697"]
[BlackFideId "3504727"]
[EventDate "2023.05.03"]

1. e4 e5 2. Nf3 Nc6 3. d4 exd4 4. Bc4 Nf6 5. e5 d5 6. Bb5 Ne4 7. Nxd4 Bd7 8.
Bxc6 bxc6 9. O-O Bc5 10. f3 Ng5 11. f4 Ne4 12. Be3 Qe7 13. Nd2 f5 14. Nxe4 fxe4
15. c4 Rb8 16. Rc1 O-O 17. Kh1 Rxb2 18. cxd5 Bb6 19. Nxc6 Qa3 20. Bxb6 axb6 21.
d6 Qxa2 22. dxc7 Rd2 23. Qh5 Rxg2 24. Ne7+ Kh8 25. f5 e3 26. c8=Q Bxc8 27. Rxc8
Rxc8 28. Nxc8 h6 29. f6 Qa8 30. Nxb6 Qe4 31. Rf4 Rxh2+ 32. Kxh2 Qxf4+ 33. Kh3
Qf1+ 34. Kh2 Qf2+ 35. Kh3 Qf1+ 36. Kh2 Qf2+ 1/2-1/2

[Event "56th Capablanca Mem Elite"]
[Site "Havana CUB"]
[Date "2023.05.06"]
[Round "4.4"]
[White "Fier, Alexandr"]
[Black "Bjerre, Jonas Buhl"]
[Result "1/2-1/2"]
[WhiteTitle "GM"]
[BlackTitle "GM"]
[WhiteElo "2599"]
[BlackElo "2606"]
[WhiteFideId "2107139"]
[BlackFideId "1444948"]
[EventDate "2023.05.03"]

1. e4 e5 2. Nf3 Nf6 3. Nxe5 d6 4. Nf3 Nxe4 5. d4 d5 6. Bd3 Bd6 7. O-O O-O 8. c4
c6 9. Nc3 Nxc3 10. bxc3 dxc4 11. Bxc4 Bf5 12. Bg5 Qa5 13. d5 Qc5 14. Qb3 b5 15.
Be2 Qxd5 16. Qxd5 cxd5 17. Nd4 Bd7 18. Nxb5 Be5 19. Rad1 a6 20. Nd4 Ba4 21. Rb1
Nc6 22. Bf3 Bxd4 23. cxd4 Nxd4 24. Bxd5 Rac8 25. Rfe1 Bb5 26. Bb3 1/2-1/2

[Event "56th Capablanca Mem Elite"]
[Site "Havana CUB"]
[Date "2023.05.06"]
[Round "4.5"]
[White "Quesada Perez, Luis Ernesto"]
[Black "Iturrizaga Bonelli, Eduardo"]
[Result "1-0"]
[WhiteTitle "GM"]
[BlackTitle "GM"]
[WhiteElo "2562"]
[BlackElo "2637"]
[WhiteFideId "3520773"]
[BlackFideId "3901211"]
[EventDate "2023.05.03"]

1. d4 Nf6 2. c4 e6 3. Nf3 d5 4. Nc3 dxc4 5. e4 Bb4 6. Bxc4 Nxe4 7. O-O Nxc3 8.
bxc3 Bd6 9. Re1 O-O 10. Ne5 Nd7 11. Qg4 Nf6 12. Qg3 Re8 13. Bh6 Bf8 14. Bg5 Be7
15. Bh6 Bf8 16. Rad1 Nd5 17. Rd3 f6 18. Rf3 Qd6 19. Re4 Re7 20. Bd3 Bd7 21. Rh4
f5 22. Bg5 Nxc3 23. Bxe7 Qxe7 24. Rxh7 Qa3 25. Bf1 Ne2+ 26. Bxe2 Qc1+ 27. Bf1
Bb5 28. Rd3 1-0

[Event "56th Capablanca Mem Elite"]
[Site "Havana CUB"]
[Date "2023.05.07"]
[Round "5.1"]
[White "Iturrizaga Bonelli, Eduardo"]
[Black "Albornoz Cabrera, Carlos Daniel"]
[Result "1/2-1/2"]
[WhiteTitle "GM"]
[BlackTitle "GM"]
[WhiteElo "2637"]
[BlackElo "2586"]
[WhiteFideId "3901211"]
[BlackFideId "3518736"]
[EventDate "2023.05.03"]

1. d4 Nf6 2. c4 e6 3. g3 d5 4. Bg2 Be7 5. Nf3 O-O 6. O-O dxc4 7. Qa4 a6 8. Qxc4
b5 9. Qc2 Bb7 10. Bf4 Nc6 11. Nc3 Nb4 12. Qd2 c5 13. dxc5 1/2-1/2

[Event "56th Capablanca Mem Elite"]
[Site "Havana CUB"]
[Date "2023.05.07"]
[Round "5.2"]
[White "Bjerre, Jonas Buhl"]
[Black "Quesada Perez, Luis Ernesto"]
[Result "1-0"]
[WhiteTitle "GM"]
[BlackTitle "GM"]
[WhiteElo "2606"]
[BlackElo "2562"]
[WhiteFideId "1444948"]
[BlackFideId "3520773"]
[EventDate "2023.05.03"]

1. Nf3 Nf6 2. c4 c6 3. g3 d5 4. Bg2 g6 5. b3 Bg7 6. Bb2 O-O 7. O-O Bg4 8. d3
Bxf3 9. Bxf3 e6 10. Nd2 Ne8 11. Bxg7 Kxg7 12. b4 Nd7 13. b5 cxb5 14. cxd5 e5 15.
Qb3 Qa5 16. Ne4 h6 17. Rfb1 Rc8 18. a4 b4 19. d6 Rc6 20. Rc1 Rxc1+ 21. Rxc1 Qb6
22. Qd5 a5 23. e3 Nef6 24. Nxf6 Nxf6 25. Qxe5 Rd8 26. Rc5 Qxd6 27. Qxd6 Rxd6 28.
Rxa5 Rb6 29. Rc5 b3 30. Rc1 g5 31. Kf1 Rb4 32. Rb1 Nd7 33. Bd1 Nc5 34. Ke2 Rxa4
35. Bxb3 Ra5 36. Bc4 g4 37. e4 h5 38. Ke3 f6 39. Rb6 Ra1 40. Kd4 Ra5 41. Rd6 b5
42. Bd5 b4 43. Rb6 b3 44. Bxb3 1-0

[Event "56th Capablanca Mem Elite"]
[Site "Havana CUB"]
[Date "2023.05.07"]
[Round "5.3"]
[White "Martinez Duany, Lelys Stanley"]
[Black "Fier, Alexandr"]
[Result "1/2-1/2"]
[WhiteTitle "GM"]
[BlackTitle "GM"]
[WhiteElo "2531"]
[BlackElo "2599"]
[WhiteFideId "3504727"]
[BlackFideId "2107139"]
[EventDate "2023.05.03"]

1. e4 c6 2. Nc3 d5 3. Nf3 Bg4 4. h3 Bxf3 5. Qxf3 e6 6. a3 Nf6 7. d3 Be7 8. g3
O-O 9. Bg2 Nbd7 10. O-O dxe4 11. Nxe4 1/2-1/2

[Event "56th Capablanca Mem Elite"]
[Site "Havana CUB"]
[Date "2023.05.07"]
[Round "5.4"]
[White "Svane, Rasmus"]
[Black "Miranda Mesa, Elier"]
[Result "1-0"]
[WhiteTitle "GM"]
[BlackTitle "GM"]
[WhiteElo "2621"]
[BlackElo "2515"]
[WhiteFideId "4657101"]
[BlackFideId "3510697"]
[EventDate "2023.05.03"]

1. d4 d5 2. c4 c6 3. Nf3 Nf6 4. Nc3 a6 5. c5 g6 6. h3 Bg7 7. Bf4 O-O 8. e3 Bf5
9. Qb3 Qc8 10. Rg1 Ne4 11. g4 Be6 12. Na4 Nd7 13. Bd3 Qd8 14. Ke2 Qa5 15. Rac1
f5 16. g5 Rac8 17. Rc2 Rfd8 18. Rgc1 Bf7 19. h4 Kh8 20. a3 Kg8 21. Kf1 Kf8 22.
Be2 Kg8 23. Nb6 1-0